| 000 | 00591nam a22001937a 4500 | ||
|---|---|---|---|
| 999 |
_c16553 _d16553 |
||
| 003 | AR-CdUCM | ||
| 008 | 190503b ||||| |||| 00| 0 spa d | ||
| 040 |
_aMUNICIPALIDAD PROVINCIAL DEL CUSCO _cBIBLIOTECA MUNICIPAL DEL CUSCO |
||
| 082 |
_a868.3 / _bR68 |
||
| 100 |
_aRiva Agüero y Osma, José de la _9609 |
||
| 245 | _aLope de Vega / | ||
| 260 |
_aMilano : _bFratelli Treves Editori, _c1937. |
||
| 300 |
_a98 páginas ; _c20 cm. |
||
| 500 | _aTexto en Italiano. | ||
| 650 |
_aSiglo XX _98 |
||
| 650 |
_aEscritores españoles _936058 |
||
| 942 |
_2ddc _cLIBROS |
||
| 945 |
_aachl _d2019-05-03 |
||